| Tag |
First Indicator |
Second Indicator |
Subfields |
| LEADER |
00000cam a2200000 4500 |
| 001 |
in00000008350 |
| 005 |
20151003050021.0 |
| 008 |
740201s1967 enkcf 00010 eng d |
| 035 |
|
|
|a (OCoLC)00787770
|
| 035 |
|
|
|9 AAA0735AM
|
| 040 |
|
|
|a DEF
|c DEF
|d OCL
|d TXA
|d UtOrBLW
|
| 050 |
|
4 |
|a PS3545.I6245
|b Z533 1967b
|
| 100 |
1 |
|
|a Wilson, Edmund,
|d 1895-1972.
|
| 245 |
1 |
2 |
|a A prelude ;
|b landscapes, characters and conversations from the earlier years of my life /
|c Edmund Wilson.
|
| 264 |
|
1 |
|a London :
|b W. H. Allen,
|c 1967.
|
| 300 |
|
|
|a v, 278 pages, 12 unnumbered leaves of plates :
|b portraits ;
|c 20 cm.
|
| 336 |
|
|
|a text
|b txt
|2 rdacontent
|
| 337 |
|
|
|a unmediated
|b n
|2 rdamedia
|
| 338 |
|
|
|a volume
|b nc
|2 rdacarrier
|
| 505 |
0 |
|
|a First trp to Europe, 1908. - Family. - School and college friends. - Princeton, 1912-1916. - Plattsburgh, summer of 1916. - New York, 1916-1917. - The Army, 1917-1919.
|
| 999 |
|
|
|a MARS
|
| 999 |
f |
f |
|s 3394e3c2-18ee-3247-8227-182a111bab25
|i b1dee737-6afa-3ffa-9501-62fe83ef26f9
|t 0
|
| 952 |
f |
f |
|p ric
|a Texas A&M University
|b Rellis Campus
|c Joint Library Facility
|d Remote Storage
|t 0
|e PS3545.I6245 Z533 1967b
|h Library of Congress classification
|i unmediated -- volume
|m A14812617527
|
| 998 |
f |
f |
|a PS3545.I6245 Z533 1967b
|t 0
|l Remote Storage
|